Guide to reliable distributed systems : (Record no. 62382)
[ view plain ]
| 000 -LEADER | |
|---|---|
| fixed length control field | 01014nam a22003015a 4500 |
| 001 - CONTROL NUMBER | |
| control field | 17105383 |
| 003 - CONTROL NUMBER IDENTIFIER | |
| control field | NUST-PNEC |
| 005 - DATE AND TIME OF LATEST TRANSACTION | |
| control field | 20170116180746.0 |
| 008 - FIXED-LENGTH DATA ELEMENTS--GENERAL INFORMATION | |
| fixed length control field | 120105s2012 nyu 000 0 eng |
| 010 ## - LIBRARY OF CONGRESS CONTROL NUMBER | |
| LC control number | 2012930225 |
| 020 ## - INTERNATIONAL STANDARD BOOK NUMBER | |
| International Standard Book Number | 9781447124153 |
| 040 ## - CATALOGING SOURCE | |
| Transcribing agency | LIBRARY |
| 042 ## - AUTHENTICATION CODE | |
| Authentication code | pcc |
| 082 ## - DEWEY DECIMAL CLASSIFICATION NUMBER | |
| Classification number | 004.6782 BIR |
| 100 1# - MAIN ENTRY--PERSONAL NAME | |
| Personal name | Birman, Kenneth P. |
| 245 10 - TITLE STATEMENT | |
| Title | Guide to reliable distributed systems : |
| Remainder of title | building high-assurance applications and cloud-hosted services / |
| Statement of responsibility, etc. | Kenneth P. Birman. |
| 250 ## - EDITION STATEMENT | |
| Edition statement | 1st ed. |
| 260 ## - PUBLICATION, DISTRIBUTION, ETC. | |
| Place of publication, distribution, etc. | New York : |
| Name of publisher, distributor, etc. | Springer, |
| Date of publication, distribution, etc. | 2012. |
| 263 ## - PROJECTED PUBLICATION DATE | |
| Projected publication date | 1202 |
| 300 ## - PHYSICAL DESCRIPTION | |
| Extent | XXI P 730,: |
| Other physical details | ill |
| Dimensions | 24 cm |
| 490 0# - SERIES STATEMENT | |
| Series statement | Texts in computer science |
| 500 ## - GENERAL NOTE | |
| General note | includes index |
| 650 ## - SUBJECT ADDED ENTRY--TOPICAL TERM | |
| 9 (RLIN) | 1578 |
| Topical term or geographic name entry element | Cloud computing |
| General subdivision | MIS |
| 856 ## - ELECTRONIC LOCATION AND ACCESS | |
| Uniform Resource Identifier | <a href="http://www.amazon.com/Guide-Reliable-Distributed-Systems-High-Assurance/dp/1447124154/ref=sr_1_1?ie=UTF8&qid=1425374395&sr=8-1&keywords=9781447124153">http://www.amazon.com/Guide-Reliable-Distributed-Systems-High-Assurance/dp/1447124154/ref=sr_1_1?ie=UTF8&qid=1425374395&sr=8-1&keywords=9781447124153</a> |
| 906 ## - LOCAL DATA ELEMENT F, LDF (RLIN) | |
| a | 0 |
| b | ibc |
| c | orignew |
| d | 2 |
| e | epcn |
| f | 20 |
| g | y-gencatlg |
| 942 ## - ADDED ENTRY ELEMENTS (KOHA) | |
| Source of classification or shelving scheme | |
| Koha item type | Book |
| Withdrawn status | Lost status | Source of classification or shelving scheme | Damaged status | Not for loan | Permanent Location | Current Location | Shelving location | Date acquired | Source of acquisition | Cost, normal purchase price | Total Checkouts | Full call number | Barcode | Date last seen | Cost, replacement price | Price effective from | Koha item type |
|---|---|---|---|---|---|---|---|---|---|---|---|---|---|---|---|---|---|
| Pakistan Navy Engineering College (PNEC) | Pakistan Navy Engineering College (PNEC) | Reference | 02/06/2015 | Progressive International Agency / Reference Grant | 7837.00 | 004.6782 BIR | PNECLIB-031987 | 03/03/2015 | 7837.00 | 02/06/2015 | Book |
